| 000 -LEADER |
| fixed length control field |
00798cam a2200265 i 4500 |
| 001 - CONTROL NUMBER |
| control field |
20734 |
| 003 - CONTROL NUMBER IDENTIFIER |
| control field |
BD-DhUAP |
| 005 - DATE AND TIME OF LATEST TRANSACTION |
| control field |
20200211144614.0 |
| 008 - FIXED-LENGTH DATA ELEMENTS--GENERAL INFORMATION |
| fixed length control field |
200211s2016 enka b 001 0 eng |
| 010 ## - LIBRARY OF CONGRESS CONTROL NUMBER |
| LC control number |
2016013408 |
| 020 ## - INTERNATIONAL STANDARD BOOK NUMBER |
| International Standard Book Number |
9781292119977 |
| 040 ## - CATALOGING SOURCE |
| Original cataloging agency |
DLC |
| Language of cataloging |
eng |
| Transcribing agency |
DLC |
| Description conventions |
rda |
| Modifying agency |
BD-DhUAP |
| 042 ## - AUTHENTICATION CODE |
| Authentication code |
pcc |
| 043 ## - GEOGRAPHIC AREA CODE |
| Geographic area code |
e-uk-en |
| 082 00 - DEWEY DECIMAL CLASSIFICATION NUMBER |
| Classification number |
346.4207 MAC |
| Edition number |
23 |
| 100 1# - MAIN ENTRY--PERSONAL NAME |
| Personal name |
MacIntyre, Ewan. |
| 245 10 - TITLE STATEMENT |
| Title |
Business law / |
| Statement of responsibility, etc. |
Ewan MacIntyre. |
| 250 ## - EDITION STATEMENT |
| Edition statement |
8th ed. |
| 264 #1 - PRODUCTION, PUBLICATION, DISTRIBUTION, MANUFACTURE, AND COPYRIGHT NOTICE |
| Place of production, publication, distribution, manufacture |
Harlow, Essex, United Kingdom : |
| Name of producer, publisher, distributor, manufacturer |
Pearson Education Limited, |
| Date of production, publication, distribution, manufacture, or copyright notice |
c2016. |
| 300 ## - PHYSICAL DESCRIPTION |
| Extent |
liii, 747 pages : |
| Other physical details |
illustrations ; |
| Dimensions |
25 cm |
| 504 ## - BIBLIOGRAPHY, ETC. NOTE |
| Bibliography, etc. note |
Includes bibliographical references and index. |
| 650 #0 - SUBJECT ADDED ENTRY--TOPICAL TERM |
| Topical term or geographic name entry element |
Commercial law |
| Geographic subdivision |
England. |
| 650 #0 - SUBJECT ADDED ENTRY--TOPICAL TERM |
| Topical term or geographic name entry element |
Business enterprises |
| General subdivision |
Law and legislation |
| Geographic subdivision |
England. |
| 942 ## - ADDED ENTRY ELEMENTS (KOHA) |
| Source of classification or shelving scheme |
|
| Koha item type |
Book |